00529nam a2200193 a 4500001001300000003000900013005001700022008004100039020001000080082001900090100002700109245003900136260005000175300000900225500003500234505002000269650001900289700002700308nice12345678IN_TiNIC20260116011750.0050524s1929 sura grs 000 0 gug  ac10000a220.59147bBBS aBritish Bible, Society aHoly Bible, Old and New Testament. aSuratbIrish Presbyterian Mission Pressc1929 a349p aincludes index and biblioraphy2 aglossary, index aBible-Gujarati1 aBritish Bible, Society